Normal view
MARC view
- DESSER, CHARLES A ,KUH, ERNEST S
Entry Personal Name
001 - CONTROL NUMBER
- control field: 57449
003 - CONTROL NUMBER IDENTIFIER
- control field: NUST
005 - DATE AND TIME OF LATEST TRANSACTION
- control field: 20210628201926.0
008 - FIXED-LENGTH DATA ELEMENTS
- fixed length control field: 210628|| aca||aabn | a|a d
040 ## - CATALOGING SOURCE
- Original cataloging agency: NUST
- Transcribing agency: NUST
100 ## - HEADING--PERSONAL NAME
- Personal name: DESSER, CHARLES A ,KUH, ERNEST S
670 ## - SOURCE DATA FOUND
- Source citation: Work cat.: (NUST): DESSER, CHARLES A ,KUH, ERNEST S, BASIC CIRCUITS THEORY, 1969
